El mito internet

Na minha lista:
Detalhes bibliográficos
Formato: Livro
Idioma:espanhol
Publicado em: Santiago Aún Creemos en los Sueños 2002
Colecção:Selección de Artículos de Le Monde Diplomatique, 10
Assuntos:
Tags: Adicionar Tag
Sem tags, seja o primeiro a adicionar uma tag!

MARC

LEADER 00000nam a2200000 a 4500
001 UCI7003
003 CL-VaPUC
008 080605e20020000CL |||||||||||||||||spa|d
020 |a 9568134107 
082 0 4 |a 004.678  |b MIT  |2 21 
245 1 3 |a El mito internet 
300 |a 90 p 
942 |c BK 
945 |d 20080605 00:00:00  |a rbrito 
260 |a Santiago  |b Aún Creemos en los Sueños  |c 2002 
650 0 |a Internet   |9 254823 
650 7 |a COMUNICACIONES  |2 CL-VaPUC  |9 260778 
650 7 |a COMUNICACION POR COMPUTADOR  |2 CL-VaPUC  |9 375413 
583 |a last modification  |c 20080605 00:00:00  |k Rodrigo Vera 
490 0 |a Selección de Artículos de Le Monde Diplomatique, 10 
999 |c 330433  |d 330431 
952 |0 0  |1 0  |4 0  |6 004_678000000000000_MIT_2002  |7 0  |8 A  |9 415967  |a BIBCUR  |b BIBCUR  |d 2019-11-22  |i 4447344  |o 004.678 MIT 2002  |p 4447344  |r 2025-04-22  |w 2019-11-22  |y BK  |k PER 
952 |0 0  |1 0  |4 0  |6 004_678000000000000_MIT_2002  |7 0  |8 A  |9 415968  |a BIBCUR  |b BIBCUR  |d 2019-11-22  |i 4752805  |o 004.678 MIT 2002  |p 4752805  |r 2025-04-22  |w 2019-11-22  |y BK  |k PER